THE TEN COMMANDMENTS OF THE WORKPLACE AND HOW TO BREAK THEM EVERY DAY (Record no. 57254)

000 -LEADER
fixed length control field 00473nam a22001697a 4500
003 - CONTROL NUMBER IDENTIFIER
control field MPLRDC
005 - DATE AND TIME OF LATEST TRANSACTION
control field 20220104165015.0
008 - FIXED-LENGTH DATA ELEMENTS--GENERAL INFORMATION
fixed length control field 210129b ||||| |||| 00| 0 eng d
020 ## - INTERNATIONAL STANDARD BOOK NUMBER
International Standard Book Number 0-310-20713-4
082 ## - DEWEY DECIMAL CLASSIFICATION NUMBER
Classification number 191.9 PAS
100 ## - MAIN ENTRY--PERSONAL NAME
Personal name PERRY PASCARELLA
245 ## - TITLE STATEMENT
Title THE TEN COMMANDMENTS OF THE WORKPLACE AND HOW TO BREAK THEM EVERY DAY
Statement of responsibility, etc.
260 ## - PUBLICATION, DISTRIBUTION, ETC.
Place of publication, distribution, etc.
Name of publisher, distributor, etc. ZONDERVAN PUBLISHING HOUSE
Date of publication, distribution, etc. 1996
300 ## - PHYSICAL DESCRIPTION
Other physical details
650 ## - SUBJECT ADDED ENTRY--TOPICAL TERM
Topical term or geographic name entry element 人生观; 生死观
942 ## - ADDED ENTRY ELEMENTS (KOHA)
Koha item type Book
-- 191.9 PAS
Holdings
Withdrawn status Lost status Source of classification or shelving scheme Damaged status Not for loan Collection code Home library Current library Shelving location Date acquired Cost, normal purchase price Total Checkouts Full call number Barcode Date last seen Date last checked out Price effective from Koha item type Public note
            Malaysian Public Library, Research and Development Centre Malaysian Public Library, Research and Development Centre   10/12/2007 0.00   191.9 PAS E0001614 18/03/2021 10/12/2007 18/03/2021 Book mplrdc

© 2022. Malaysian Public Library, Research and Development Centre. All Right ReservedE-mailmplrdc@help.edu.my 

Powered by Koha